MARC details
| 000 -CABECERA |
| campo de control de longitud fija |
01009nam a2200289 a 4500 |
| 003 - IDENTIFICADOR DEL NÚMERO DE CONTROL |
| campo de control |
MX-MxUPN |
| 005 - FECHA Y HORA DE LA ÚLTIMA TRANSACCIÓN |
| campo de control |
20240322063618.0 |
| 008 - ELEMENTOS DE LONGITUD FIJA--INFORMACIÓN GENERAL |
| campo de control de longitud fija |
991125s1948 mx r 000 0 spa d |
| 035 ## - NÚMERO DE CONTROL DEL SISTEMA |
| Número de control de sistema |
UPN01000023735 |
| 040 ## - FUENTE DE LA CATALOGACIÓN |
| Centro catalogador/agencia de origen |
MX-MxUPN |
| Lengua de catalogación |
spa |
| Centro/agencia transcriptor |
MX-MxUPN |
| 041 1# - CÓDIGO DE IDIOMA |
| Código de lengua del texto/banda sonora o título independiente |
spa |
| Código de lengua original |
eng |
| 050 14 - SIGNATURA TOPOGRÁFICA DE LA BIBLIOTECA DEL CONGRESO |
| Número de clasificación |
B945 D4 |
| Número de documento/Ítem |
E97 1948 |
| 100 1# - ASIENTO PRINCIPAL--NOMBRE PERSONAL |
| Nombre de persona |
Dewey, John, |
| Fechas asociadas al nombre |
1859-1952 |
| 9 (RLIN) |
28071 |
| 245 13 - MENCIÓN DE TÍTULO |
| Título |
La experiencia y la naturaleza |
| 250 ## - MENCIÓN DE EDICIÓN |
| Mención de edición |
Primera edición. |
| 260 ## - PUBLICACIÓN, DISTRIBUCIÓN, ETC. |
| Lugar de publicación, distribución, etc. |
México : |
| Nombre del editor, distribuidor, etc. |
Fondo de Cultura Económica, |
| Fecha de publicación, distribución, etc. |
1948. |
| 300 ## - DESCRIPCIÓN FÍSICA |
| Extensión |
363 páginas |
| 490 0# - MENCIÓN DE SERIE |
| Mención de serie |
Sección de obras de filosofía |
| 500 ## - NOTA GENERAL |
| Nota general |
Traducción de : Experience and nature. |
| 650 #4 - ASIENTO SECUNDARIO DE MATERIA - TERMINO TEMATICO |
| Término de materia o nombre geográfico como elemento de entrada |
Experiencia |
| 9 (RLIN) |
15048 |
| 650 #4 - ASIENTO SECUNDARIO DE MATERIA - TERMINO TEMATICO |
| Término de materia o nombre geográfico como elemento de entrada |
Filosofía |
| 9 (RLIN) |
5327 |
| 700 1# - ASIENTO SECUNDARIO--NOMBRE DE PERSONAL |
| Nombre de persona |
Gaos, José, |
| Fechas asociadas al nombre |
1900-1969 |
| 9 (RLIN) |
40473 |
| Término indicativo de función/relación |
prólogo |
| -- |
traducción |
| 710 2# - ASIENTO SECUNDARIO - NOMBRE CORPORATIVO |
| Nombre de entidad corporativa o nombre de jurisdicción como elemento de entrada |
Museo Pedagógico Nacional (México) |
| 9 (RLIN) |
51335 |
| Término indicativo de función/relación |
propietario anterior |
| 710 2# - ASIENTO SECUNDARIO - NOMBRE CORPORATIVO |
| Nombre de entidad corporativa o nombre de jurisdicción como elemento de entrada |
Centro Nacional de Documentación e Información Educativa (México) |
| Término indicativo de función/relación |
propietario anterior |
| 9 (RLIN) |
51353 |
| 902 ## - ELEMENTOS DE DATOS B LOCAL, LDB (RLIN) |
| Modificó |
Víctor Ruiz/291123 |
| 942 ## - ELEMENTOS DE PUNTO DE ACCESO ADICIONAL (KOHA) |
| Fuente del sistema de clasificación o colocación |
Library of Congress Classification |
| Tipo de ítem Koha |
Libro |